| 000 | 00403nam a22001697a 4500 | ||
|---|---|---|---|
| 005 | 20230724101459.0 | ||
| 008 | 230724b |||||||| |||| 00| 0 eng d | ||
| 020 | _a9781844002757 | ||
| 082 |
_a747.94 _bLEE-I |
||
| 100 | _aLee, Vinny | ||
| 245 | _a101 IDEAS Colour | ||
| 260 |
_aChaina _bQuadrille Publishing _c2005 |
||
| 300 | _a199 | ||
| 500 | _aInclude index | ||
| 650 | _aVinny Lee | ||
| 999 |
_c33126 _d33126 |
||